Statistics for Vienna Metro Map Quiz

Click here to take the quiz!

General Stats

  • This quiz has been taken 9 times
  • The average score is 53 of 109

Answers on the Map

Answers color-coded by a green-red scale on the quiz's map according to % correct below.
Loading ...
 

Answer Stats

Station% Correct
Schönbrunn
89%
Spittelau
78%
Heiligenstadt
78%
Stephansplatz
78%
Westbahnhof
78%
Rathaus
67%
Floridsdorf
67%
Ottakring
67%
Karlsplatz
67%
Simmering
67%
Erdberg
56%
Schottentor
56%
Schottenring
56%
Messe-Prater
56%
Landstraße
56%
Oberlaa
56%
Enkplatz
56%
Hütteldorf
56%
Volkstheater
56%
Kettenbrückengasse
56%
Stadtpark
56%
Neue Donau
56%
Alser Straße
56%
Hietzing
56%
Siebenhirten
56%
Praterstern
56%
Keplerplatz
56%
Donauinsel
56%
Leopoldau
56%
Alte Donau
56%
Schwedenplatz
56%
Kagran
56%
Kagraner Platz
56%
Taubstummengasse
56%
Kaisermühlen
56%
Südtiroler Platz - Hauptbahnhof
56%
Troststraße
44%
Nußdorfer Straße
44%
Bahnhof Meidling
44%
Burggasse-Stadthalle
44%
Thaliastraße
44%
Ober St. Veit
44%
Unter St. Veit
44%
Nestroyplatz
44%
Alaudagasse
44%
Meidling Hauptstraße
44%
Reumannplatz
44%
Längenfeldgasse
44%
Margaretengürtel
44%
Pilgramgasse
44%
Jägerstraße
44%
Dresdner Straße
44%
Handelskai
44%
Friedensbrücke
44%
Altes Landgut
44%
Gasometer
44%
Museumsquartier
44%
Neubaugasse
44%
Johnstraße
44%
Donaumarina
44%
Rennbahnweg
44%
Taborstraße
44%
Aderklaaer Straße
44%
Seestadt
44%
Großfeldsiedlung
44%
Krieau
44%
Stadion
44%
Schweglerstraße
44%
Zieglergasse
44%
Neulaa
44%
Herrengasse
44%
Stubentor
44%
Am Schöpfwerk
33%
Niederhofstraße
33%
Gumpendorfer Straße
33%
Alterlaa
33%
Josefstädter Straße
33%
Erlaaer Straße
33%
Michelbeuern-AKH
33%
Währinger Straße-Volksoper
33%
Perfektastraße
33%
Tscherttegasse
33%
Schlachthausgasse
33%
Donaustadtbrücke
33%
Stadlau
33%
Zippererstraße
33%
Donauspital
33%
Aspernstraße
33%
Hausfeldstraße
33%
Roßauer Lände
33%
Aspern Nord
33%
Kendlerstraße
33%
Hütteldorfer Straße
33%
Braunschweiggasse
33%
Rochusgasse
33%
Vorgartenstraße
33%
Kardinal-Nagl-Platz
33%
Hardeggasse
33%

Score Distribution

Percentile by Number Answered

Percent of People with Each Score

Your Score History

You have not taken this quiz